| 000 | 00577nam a22002177a 4500 | ||
|---|---|---|---|
| 003 | IT-MiCISF | ||
| 005 | 20240530143641.0 | ||
| 008 | 240530b |||||||| |||| 00| 0 eng d | ||
| 040 | _cIT-MiCISF | ||
| 041 | _ait | ||
| 100 |
_aPalla Pier Giovanni _960753 |
||
| 245 |
_aUn incerto domani. _bLa questione demografica in cifre |
||
| 250 | _a"Studi cattolici", n. 757, marzo | ||
| 260 | _c2024 | ||
| 300 | _app. 38-41 | ||
| 310 | _amensile | ||
| 500 | _apopolazione, denatalità, politica-familiare | ||
| 650 | _aPopolazione | ||
| 654 | _aarticolo | ||
| 942 |
_2ddc _cCR |
||
| 999 |
_c360102 _d360104 |
||